000 00415nam a22001697a 4500
003 NUST - PNEC
005 20170116180911.0
008 150903b xxu||||| |||| 00| 0 eng d
020 _a0070103925
040 _cLIBRARY
082 _a620.11233 CHA
100 _97029
_aChakrabarty, J.
245 _aTheory of plasticity
_c J.Chakrabarty
260 _cc 1987
650 _97030
_aPlasticity
_xME
942 _2ddc
_cBK
999 _c65263
_d65263